Tribhuvan University Central Library

Uchcha madhyamika taha kaksya egharako sikashak nirdesikako prayoga ra prabhavakarita sambandhi adhyayan (Record no. 69272)

MARC details
000 -LEADER
fixed length control field 00495 a2200169 4500
041 ## - LANGUAGE CODE
Language code of text/sound track or separate title Nep.
082 ## - DEWEY DECIMAL CLASSIFICATION NUMBER
Classification number CD8051
100 ## - MAIN ENTRY--PERSONAL NAME
Personal name Pulami, Dhan Badhur
245 ## - TITLE STATEMENT
Title Uchcha madhyamika taha kaksya egharako sikashak nirdesikako prayoga ra prabhavakarita sambandhi adhyayan
260 ## - PUBLICATION, DISTRIBUTION, ETC. (IMPRINT)
Place of publication, distribution, etc Kathmandu:
Date of publication, distribution, etc 2068
502 ## - DISSERTATION NOTE
Dissertation note Dissertation
Degree type Degree in Education
Name of granting institution T.U.
650 ## - SUBJECT ADDED ENTRY--TOPICAL TERM
Topical term or geographic name as entry element Curriculum
650 ## - SUBJECT ADDED ENTRY--TOPICAL TERM
Topical term or geographic name as entry element Teacher directory
650 ## - SUBJECT ADDED ENTRY--TOPICAL TERM
Topical term or geographic name as entry element Higher education
653 ## - INDEX TERM--UNCONTROLLED
Uncontrolled term Nepali language
942 ## - ADDED ENTRY ELEMENTS (KOHA)
Source of classification or shelving scheme Dewey Decimal Classification
Koha item type Audio Visual Materials
Holdings
Withdrawn status Lost status Source of classification or shelving scheme Damaged status Not for loan Home library Current library Date acquired Total Checkouts Full call number Barcode Date last seen Price effective from Koha item type
    Dewey Decimal Classification     Tribhuvan University Central Library Tribhuvan University Central Library 04/07/2014   CD8051 A7999 04/07/2014 04/07/2014 Audio Visual Materials